Online Catalogue and eLibrary

Andare saha gajaman nona (Record no. 5358)

MARC details
000 -LEADER
fixed length control field 00359nam a2200145Ia 4500
005 - DATE AND TIME OF LATEST TRANSACTION
control field 20250701160720.0
008 - FIXED-LENGTH DATA ELEMENTS--GENERAL INFORMATION
fixed length control field 240331s9999 xx 000 0 und d
082 ## - DDC Classification
Item Number - Author Mark GAM
Class No. 398
100 ## - MAIN ENTRY--PERSONAL NAME
Personal name Gamage,H.H
245 #0 - TITLE STATEMENT
Title Andare saha gajaman nona
260 ## - PUBLICATION, DISTRIBUTION, ETC.
Place of publication, distribution, etc. Maradana
Name of publisher, distributor, etc. Indika Press
300 ## - PHYSICAL DESCRIPTION
Extent (e.g. Volumes, Pages etc.) 24 p .,
500 ## - GENERAL NOTE
General note A book of Andare and Gajaman Nona
942 ## - Koha item type (Biblio)
Koha item type Books in Stacks (Lending)
Holdings
Lost status Damaged status Collection code Home library Current library Shelving location Date acquired Full call number Accession Number Item type
    Lending WERC Library WERC Library Social Science Cupboard 03/31/2024 398 GAM 3238 Books in Stacks (Lending)

© WERC Library